|
|
|
|
| LEADER |
01194nam a2200325 4500 |
| 001 |
36678 |
| 003 |
BD-DhAAL |
| 005 |
20191127124942.0 |
| 008 |
191127r19731971enka b 001 0 eng d |
| 999 |
|
|
|c 41917
|d 41917
|
| 010 |
|
|
|a 70880591
|
| 015 |
|
|
|a B71-23190
|
| 020 |
|
|
|a 0140802649
|
| 040 |
|
|
|a DLC
|c DLC
|d DLC
|d BD-DhAAL
|
| 050 |
0 |
0 |
|a HB221
|b .T6
|
| 082 |
0 |
0 |
|a 338.5201
|
| 245 |
1 |
0 |
|a Price theory :
|b selected readings /
|c edited by Harry Townsend
|
| 260 |
|
|
|a Harmondsworth,
|b Penguin,
|c c1971 [reprinted 1973]
|
| 300 |
|
|
|a 488 pages :
|b illustrations ;
|c 18 cm.
|
| 350 |
|
|
|a £0.55
|
| 490 |
0 |
|
|a Penguin modern economics readings
|
| 490 |
0 |
|
|a Penguin education
|
| 504 |
|
|
|a Includes bibliographical references (pages 473-476).
|
| 526 |
|
|
|a ESS
|
| 541 |
|
|
|a Complimentary copy from Professor Dr. Nasreen Khundker
|e 36678
|
| 650 |
|
0 |
|a Prices.
|9 37753
|
| 700 |
|
|
|a Townsend, Harry
|9 37754
|
| 852 |
|
|
|a Ayesha Abed Library
|c General Stacks
|
| 942 |
|
|
|2 ddc
|c BK
|
| 952 |
|
|
|0 0
|1 0
|2 ddc
|4 0
|6 338_520100000000000_PRI
|7 0
|9 67306
|a BRACUL
|b BRACUL
|c GEN
|d 2019-11-27
|e Complimentary copy from Professor Dr. Nasreen Khundker
|l 2
|m 1
|o 338.5201 PRI
|p 3010036678
|r 2022-04-04
|s 2022-03-15
|t 1
|w 2019-11-27
|y BK
|